000
00292nam a22001337a 4500
008
170220b xxu||||| |||| 00| 0 eng d
020
_a
9781605476339
041
_a
eng
080
_2
9TH
_a
615
100
_a
5
101
_a
SHF
245
_a
CLINICALP HARMACOLOGY
_c
FORD, S.M
942
_2
udc
_c
BK
999
_c
5850
_d
5850